ČSN 58 0310 Metody zkoušení tuků a olejů Stanovení hmotnostního podílu látek obsahufících fosfor
| Format: | Book |
|---|---|
| Language: | Undetermined |
| PhysicalDescription: | 6 s. |
| Published: |
Praha
ÚNM
1985
|
MARC
| LEADER | 00000nam a2200000 a 4500 | ||
|---|---|---|---|
| 001 | vtls001310621 | ||
| 003 | SK-MaSNL | ||
| 005 | 20260224152238.0 | ||
| 008 | 210928s1985 xx 0 und | ||
| 035 | |a SNK000262974 | ||
| 040 | |a SNK |b slo |c SNK |e AACR2 | ||
| 245 | 1 | |a ČSN 58 0310 Metody zkoušení tuků a olejů |b Stanovení hmotnostního podílu látek obsahufících fosfor | |
| 260 | |a Praha |b ÚNM |c 1985 | ||
| 300 | |a 6 s. | ||
| 958 | |a OND | ||
| 999 | |c 1059635 |d 1061565 | ||
| 952 | |t P60, <04>, [BOOK], {604} |a SNK |b SNK |y VYP |7 0 |p 17A0107854 |o snkČSN 58 0130 |0 0 |1 0 |4 0 |d 1997-11-14 |l 0 |r 2005-01-02 00:00:00 |w 2026-02-24 | ||


